• 首页
  • 本馆介绍
  • 公告通知
  • 最新文献
  • 馆藏检索
  • 电子资源
  • 读者导购
  • 参考咨询
  • 我的图书馆
  • 登录
  • 详细信息显示
  • 放入我的书架
  • 预约/预借图书
  • 作者相关作品
  • 分类相关作品
  • 丛书相关作品
  • 出版社相关作品

书目信息

  • 表格格式
  • 工作单格式
  • 卡片格式
书名: 十八世纪英国小说
作者: [美]John Richetti编.
分册号: [专著] /
分册名:
出版地: 上海 :
 
出版社: 上海外语教育出版社
出版时间: 2000.
页数: 13,283页 ;
开本: 21cm.
丛书名: 剑桥文学指南
中图分类号:
科图分类号:
其他分类号: I561.04:H31
主题词:
电子资源:
000 00861nam 2200253 a 4500
001 01200200702
005 20070307110525.75
008 020121d2000 ch 0 chi0
020    @a7-81046-985-1 :@cCNY18.70.
040    @aNLC@bchi
041    @aeng
090    @aI561.04:H31
099    @dI561.04:H31@ex114
100 1  @aRichetti @cJohn @4编
245 10 @a十八世纪英国小说 :@bThe Eighteenth Century Novel@h[专著] / @c[美]John Richetti编.
246  1 @aThe Eighteenth Century Novel
250    @a影印本.
260 1  @a上海 :@b上海外语教育出版社,@c2000.
300    @a13,283页 ;@c21cm.
440  0 @a剑桥文学指南
500    @a本书由剑桥大学出版社授权上海外语教育出版社出版
520    @a本书收录了英、美两国著名大学里研究18世纪英国文学专家的12篇文章,对18世纪的小说发展进行了深入地分析、探讨。
650 04 @a小说史 @2CT
650 04 @a小说史 @2CT@z英国 @y18世纪
    
    十八世纪英国小说 : : The Eighteenth Century Novel [[专著] / ] / [美]John Richetti编.-影印本.-上海 : : 上海外语教育出版社, , 2000.
    13,283页 ; ; 21cm.- (剑桥文学指南 )
    本书由剑桥大学出版社授权上海外语教育出版社出版.-本书收录了英、美两国著名大学里研究18世纪英国文学专家的12篇文章,对18世纪的小说发展进行了深入地分析、探讨。
    
    ISBN 7-81046-985-1 :CNY18.70.
    本书收录了英、美两国著名大学里研究18世纪英国文学专家的12篇文章,对18世纪的小说发展进行了深入地分析、探讨。
●
相关链接 在E读中查询图书 在五车中查询图书 在当当中查询图书 在豆瓣中查询图书


正题名:十八世纪英国小说     索取号:I561.04:H31/x114         预约/预借

序号 登录号 条形码 馆藏地/架位号 状态 备注
1 000728   300007285   第二样本阅览室/ [索取号:I561.04:H31/x114] 在馆    
2 000729   300007294   第四借阅区/ [索取号:I561.04:H31/x114] 在馆    
3 000730   300007301   第四借阅区/ [索取号:I561.04:H31/x114] 在馆    
4 000731   300007310   第四借阅区/ [索取号:I561.04:H31/x114] 在馆    
5 000732   300007329   第四借阅区/ [索取号:I561.04:H31/x114] 在馆    
6 000733   300007338   第四借阅区/ [索取号:I561.04:H31/x114] 在馆    
7 000734   300007347   第四借阅区/ [索取号:I561.04:H31/x114] 在馆    
唐山师范学院图书馆 欢迎您!
大连网信软件有限公司© 版权所有